[Event "Baden-ch op U1400"]
[Site "Birkenfeld"]
[Date "2013.06.01"]
[Round "6"]
[White "Bernauer, Bernhard"]
[Black "Voigtlaender, Tim"]
[Result "0-1"]
[WhiteElo "1314"]
[BlackElo "1309"]
[PlyCount "122"]
[EventDate "2013.05.30"]
[EventType "swiss"]
[EventRounds "7"]
[EventCountry "GER"]
[SourceTitle "EXT 2014"]
[Source "ChessBase"]
[SourceDate "2013.11.20"]
[SourceVersion "1"]
[SourceVersionDate "2013.11.20"]
[SourceQuality "1"]

1. e4 e5 2. Nf3 Nc6 3. Bb5 a6 4. Ba4 Bc5 5. 0-0 d6 6. d3 Bg4 7. Bxc6+ bxc6 8. a3 Nf6 9. c3 0-0 10. b4 Bb6 11. Nbd2 Re8 12. Bb2 d5 13. Qc2 c5 14. exd5 cxb4 15. c4 bxa3 16. Rxa3 Nd7 17. Re1 f6 18. h3 Bh5 19. Rea1 Nc5 20. Nh4 Qd7 21. g4 Bf7 22. Ne4 c6 23. Nxc5 Bxc5 24. Rxa6 Rxa6 25. Rxa6 cxd5 26. Qa4 Qxa4 27. Rxa4 dxc4 28. dxc4 Rc8 29. Nf3 e4 30. Nd4 Bf8 31. Ba3 Bxa3 32. Rxa3 Bxc4 33. Re3 Bd3 34. Nf5 Rd8 35. Ng3 Rd4 36. Nf5 Rb4 37. Ng3 Bb1 38. Re1 g6 39. Kg2 Kf7 40. Ne2 Ke6 41. Nc3 Bd3 42. Kg3 Ke5 43. Na2 Ra4 44. Nc1 Ra3 45. Re3 f5 46. f4+ Kd4 47. Re1 Bf1+ 48. Kf2 Rf3+ 49. Kg1 Bxh3 50. g5 Kc3 51. Na2+ Kd2 52. Rc1 e3 53. Rc7 e2 54. Rd7+ Rd3 55. Rxd3+ Kxd3 56. Nc1+ Kd2 57. Nxe2 Kxe2 58. Kh2 Bg4 59. Kg3 Ke3 60. Kg2 Kxf4 61. Kf2 Ke4 0-1

[Event "Baden-ch op U1400"]
[Site "Birkenfeld"]
[Date "2013.06.01"]
[Round "7"]
[White "Feidel, Christian"]
[Black "Bernauer, Bernhard"]
[Result "0-1"]
[WhiteElo "1296"]
[BlackElo "1314"]
[PlyCount "91"]
[EventDate "2013.05.30"]
[EventType "swiss"]
[EventRounds "7"]
[EventCountry "GER"]
[SourceTitle "EXT 2014"]
[Source "ChessBase"]
[SourceDate "2013.11.20"]
[SourceVersion "1"]
[SourceVersionDate "2013.11.20"]
[SourceQuality "1"]

1. e4 c5 2. Bc4 Nc6 3. c3 Nf6 4. d3 Na5 5. Bb3 Nxb3 6. axb3 e6 7. Nf3 Be7 8. Bf4 0-0 9. 0-0 b6 10. Qc2 Bb7 11. Nbd2 d5 12. Rfe1 dxe4 13. Nxe4 Nxe4 14. dxe4 h6 15. Rad1 Qc8 16. Ne5 Rd8 17. f3 Bf6 18. Rxd8+ Qxd8 19. Rd1 Qe8 20. Nc4 e5 21. Nd6 Qe7 22. Nf5 Qc7 23. Be3 Rd8 24. g4 Kh7 25. h4 g6 26. Nxh6 Rxd1+ 27. Qxd1 Bxh4 28. g5 Bg3 29. Kg2 Bf4 30. Bxf4 exf4 31. Ng4 Kg7 32. Nf6 Qe5 33. Kf2 Qxg5 34. Ng4 Bxe4 35. fxe4 Qh4+ 36. Kg2 Qg3+ 37. Kf1 Qh3+ 38. Ke1 Qh1+ 39. Kd2 Qxe4 40. Qe2 Qd5+ 41. Kc2 Qf5+ 42. Kc1 f3 43. Qh2 Qxg4 44. Qe5+ Kh7 45. Qh2+ Qh5 46. Qc7 0-1

[Event "Baden-ch op U1400"]
[Site "Birkenfeld"]
[Date "2013.05.30"]
[Round "1"]
[White "Bernauer, Bernhard"]
[Black "Frank, Bernhard"]
[Result "1-0"]
[WhiteElo "1314"]
[BlackElo "1249"]
[PlyCount "139"]
[EventDate "2013.05.30"]
[EventType "swiss"]
[EventRounds "7"]
[EventCountry "GER"]
[SourceTitle "EXT 2014"]
[Source "ChessBase"]
[SourceDate "2013.11.20"]
[SourceVersion "1"]
[SourceVersionDate "2013.11.20"]
[SourceQuality "1"]

1. d4 Nf6 2. c4 c5 3. d5 b5 4. e3 bxc4 5. Bxc4 d6 6. Nc3 g6 7. b3 Bg7 8. Bb2 0-0 9. Nf3 Ne4 10. Qc2 Qa5 11. Rc1 Bf5 12. Bd3 Nxc3 13. Bxc3 Bxc3+ 14. Qxc3 Qxc3+ 15. Rxc3 Bxd3 16. Rxd3 Nd7 17. Ke2 Rfc8 18. Rc3 Nf6 19. Rd1 a5 20. Rc4 Rab8 21. Ra4 Rb5 22. e4 Rb4 23. Rxb4 cxb4 24. Ke3 Rc3+ 25. Kd4 Ne8 26. Rd2 Nc7 27. e5 dxe5+ 28. Kxe5 f6+ 29. Ke4 Kf7 30. Nd4 Rc5 31. Rc2 f5+ 32. Kd3 Rxc2 33. Kxc2 Nxd5 34. Nc6 Nc3 35. Kb2 Nd1+ 36. Kc2 Nxf2 37. Nxa5 e5 38. Nc6 e4 39. Nxb4 Ke6 40. Kd2 f4 41. Ke2 e3 42. Nd3 Nxd3 43. Kxd3 g5 44. g3 Kf5 45. gxf4 gxf4 46. a4 Kg4 47. Ke2 Kh3 48. Kf3 Kxh2 49. a5 Kg1 50. Ke2 Kg2 51. a6 f3+ 52. Kxe3 f2 53. a7 Kg1 54. a8Q f1Q 55. Qg8+ Qg2 56. Qxg2+ Kxg2 57. b4 h5 58. b5 h4 59. b6 h3 60. b7 h2 61. b8Q h1Q 62. Qa8+ Kh2 63. Qh8+ Kg2 64. Qg7+ Kh3 65. Qh6+ Kg2 66. Qg5+ Kf1 67. Qf4+ Kg2 68. Qg4+ Kf1 69. Qe2+ Kg1 70. Qf2# 1-0

[Event "Baden-ch Seniors"]
[Site "Badenweiler"]
[Date "2009.06.05"]
[Round "6"]
[White "Bernauer, Bernhard"]
[Black "Maksic, Radomir"]
[Result "0-1"]
[WhiteElo "1235"]
[BlackElo "1959"]
[PlyCount "66"]
[EventDate "2009.06.01"]
[EventType "swiss"]
[EventRounds "9"]
[EventCountry "GER"]
[SourceTitle "EXT 2010"]
[Source "ChessBase"]
[SourceDate "2010.11.25"]
[SourceVersion "1"]
[SourceVersionDate "2010.11.25"]
[SourceQuality "1"]

1. d4 g6 2. Nf3 Bg7 3. e4 d6 4. Be2 Nf6 5. Nc3 0-0 6. 0-0 Nbd7 7. Re1 e6 8. Bc4 c6 9. d5 Nb6 10. Bb3 Qc7 11. Bf4 Nh5 12. Bg5 h6 13. Bd2 Nf6 14. dxe6 fxe6 15. Nh4 Kh7 16. Re3 g5 17. Nf3 a5 18. a3 d5 19. e5 Ng4 20. Rd3 Nxe5 21. Nxe5 Bxe5 22. Rh3 Qg7 23. Qh5 Bf4 24. Rd1 e5 25. g4 Qg6 26. Qxg6+ Kxg6 27. f3 e4 28. Bxf4 Rxf4 29. Rf1 exf3 30. Rhxf3 Rxf3 31. Rxf3 Bxg4 32. Na4 Nxa4 33. Bxa4 Re8 0-1

[Event "Baden-ch AT2"]
[Site "Oberwinden"]
[Date "2007.04.14"]
[Round "9"]
[White "Saur, Mathias"]
[Black "Bernauer, Bernhard"]
[Result "0-1"]
[WhiteElo "1265"]
[BlackElo "1249"]
[PlyCount "118"]
[EventDate "2007.04.07"]
[EventType "swiss"]
[EventRounds "9"]
[EventCountry "GER"]
[SourceTitle "CBM 117 Extra"]
[Source "ChessBase"]
[SourceDate "2007.05.09"]
[SourceVersion "1"]
[SourceVersionDate "2007.05.09"]
[SourceQuality "1"]

1. e4 e5 2. f4 exf4 3. Nf3 Be7 4. Qe2 Bh4+ 5. Nxh4 Qxh4+ 6. Qf2 Qxf2+ 7. Kxf2 Nf6 8. d3 Nc6 9. Bxf4 Nd4 10. Na3 d6 11. c3 Ne6 12. Bg3 Nc5 13. Be2 Bg4 14. h3 Bxe2 15. Kxe2 Nh5 16. Bh2 0-0 17. Kd2 a6 18. e5 dxe5 19. Bxe5 Rfd8 20. d4 Ne6 21. g4 Nhf4 22. Ke3 Ng6 23. Bg3 Re8 24. Kd3 c5 25. Nc2 Nef4+ 26. Kd2 Re2+ 27. Kd1 Rg2 28. Be1 Nd5 29. Bd2 Re8 30. Re1 Rxe1+ 31. Bxe1 cxd4 32. cxd4 Ngf4 33. h4 Nd3 34. Rb1 Nxe1 35. Nxe1 Ne3+ 36. Kc1 Re2 37. b3 Rxe1+ 38. Kb2 Rxb1+ 39. Kxb1 Nxg4 40. Kc2 Ne3+ 41. Kd3 Nf5 42. h5 g6 43. hxg6 fxg6 44. Ke4 h5 45. d5 Kf7 46. a4 h4 47. Kf4 Kf6 48. b4 b5 49. axb5 axb5 50. Kg4 g5 51. Kh3 Nd6 52. Kg4 Kg6 53. Kf3 Kh5 54. Kg2 Kg4 55. Kh1 Kh3 56. Kg1 g4 57. Kh1 g3 58. Kg1 g2 59. Kf2 Kh2 0-1

[Event "Baden-ch AT2"]
[Site "Oberwinden"]
[Date "2007.04.11"]
[Round "6"]
[White "Bernauer, Bernhard"]
[Black "Schomas, Harald"]
[Result "1-0"]
[WhiteElo "1249"]
[BlackElo "1590"]
[PlyCount "121"]
[EventDate "2007.04.07"]
[EventType "swiss"]
[EventRounds "9"]
[EventCountry "GER"]
[SourceTitle "CBM 117 Extra"]
[Source "ChessBase"]
[SourceDate "2007.05.09"]
[SourceVersion "1"]
[SourceVersionDate "2007.05.09"]
[SourceQuality "1"]

1. d4 d5 2. c4 e6 3. e3 Nf6 4. Nc3 Bb4 5. cxd5 Nxd5 6. Bd2 0-0 7. Nf3 b6 8. Rc1 Bb7 9. a3 Bd6 10. Bd3 Nd7 11. 0-0 h6 12. Nxd5 Bxd5 13. e4 Bb7 14. Re1 c5 15. dxc5 Nxc5 16. Bb1 e5 17. b4 Ne6 18. Bc3 f6 19. Ba2 Qe7 20. Nh4 Kh7 21. Nf5 Qd7 22. Nxd6 Rad8 23. Nxb7 Qxb7 24. Qg4 Ng5 25. h4 Nf7 26. h5 Kh8 27. Bd5 Qd7 28. Qxd7 Rxd7 29. Bd2 Nd6 30. Be3 Rdd8 31. Rc7 Nb5 32. Rb7 Nxa3 33. Ra1 Nc2 34. Raxa7 Ra8 35. Bxb6 Nxb4 36. Bc5 Rxa7 37. Rxa7 Rb8 38. Bxb4 Rxb4 39. g4 Rd4 40. f3 Rd2 41. Kf1 Kh7 42. Bf7 Rd8 43. Bg6+ Kg8 44. Kf2 Rd2+ 45. Kg3 Rd8 46. Bf7+ Kh7 47. Bd5 Rc8 48. Ra3 Rd8 49. f4 exf4+ 50. Kxf4 Rf8 51. Kf5 Re8 52. Ra5 Re5+ 53. Kf4 g5+ 54. Kf3 Re7 55. Ra6 Kg7 56. Be6 Kf8 57. Bf5 Kg7 58. Ke3 Kf8 59. Rxf6+ Kg7 60. Rg6+ Kh7 61. Re6+ 1-0